Out of the world and other tales / (Record no. 166192)

MARC details
000 -LEADER
campo de control de longitud fija 00645nam a22002055i 4500
001 - NÚMERO DE CONTROL
campo de control 166192
003 - IDENTIFICADOR DE NÚMERO DE CONTROL
campo de control ES-MaACL
005 - FECHA Y HORA DE LA ÚLTIMA TRANSACCIÓN
campo de control 20250702063123.0
008 - DATOS DE LONGITUD FIJA--INFORMACIÓN GENERAL
campo de control de longitud fija 021106s1876 gw |||| | eng d
040 ## - FUENTE DE CATALOGACIÓN
Centro catalogador/agencia de origen EUS
Lengua de catalogación spa
Centro/agencia transcriptor EUS
100 1# - ENTRADA PRINCIPAL--NOMBRE DE PERSONA
Nombre de persona Thackeray, William Makepeace,
Fechas asociadas al nombre 1811-1863
9 (RLIN) 109858
245 10 - MENCIÓN DEL TÍTULO
Título Out of the world and other tales /
Mención de responsabilidad, etc. by Thackeray.
250 ## - MENCION DE EDICION
Mención de edición Copyright ed.
260 ## - PUBLICACIÓN, DISTRIBUCIÓN, ETC.
Lugar de publicación, distribución, etc. Leipzig :
Nombre del editor, distribuidor, etc. Bernhard Tauchnitz,
Fecha de publicación, distribución, etc. 1876.
300 ## - DESCRIPCIÓN FÍSICA
Extensión 320 p. ;
Dimensiones 17 cm.
490 1# - MENCIÓN DE SERIE
Mención de serie British Authors ;
Designación de volumen o secuencia 1611
830 0# - PUNTO DE ACCESO ADICIONAL DE SERIE-TÍTULO UNIFORME
Título uniforme British Authors ;
Designación de volumen o secuencia 1611
9 (RLIN) 222528
852 ## - LOCALIZACIÓN
Ubicación ES-MaACL
Número de control de estantería G-12854
Nota libre -- Enc. hol.
Holdings
Estatus retirado Estado de pérdida Estado de daño No para préstamo Colección Biblioteca de origen Biblioteca actual Ubicación en estantería Fecha de adquisición Fuente de adquisición Total de préstamos Signatura topográfica completa Código de barras Visto por última vez Precio de reemplazo Tipo de ítem Koha
        Libros del s. XIX Biblioteca del Ateneo de Madrid Biblioteca del Ateneo de Madrid Sala Pecera Planta 3 17/01/2008     G-12854 1174291 23/02/2023 23/02/2023 Libro impreso antiguo